| 000 | 00395nam a2200145Ia 4500 | ||
|---|---|---|---|
| 003 | LDD | ||
| 008 | 181029s9999 xx 000 0 und d | ||
| 040 | _cLDD | ||
| 100 | _aDurrany, K.S | ||
| 245 | 0 |
_aReligion in society _bselect Indian press index of comparative religion _cK.S Durrany |
|
| 260 |
_aNew Delhi _bUppal _c1983 |
||
| 300 | _axxi, 315p | ||
| 901 |
_a2126 _b02-01-2001 |
||
| 942 |
_2ddc _cBK |
||
| 999 |
_c32549 _d32549 |
||